Merriam-Webster`s Spanish-English Dictionary: Diccionario Español-Inglés. English-Spanish Dictionary: Diccionario Inglés-Español
Gespeichert in:
| Format: | Buch |
|---|---|
| Sprache: | Undetermined |
| Veröffentlicht: |
Springfield, Estados Unidos
Merriam-Webster
2021
|
| Schlagworte: | |
| Online Zugang: | Learners Dictionary |
| Tags: |
Tag hinzufügen
Keine Tags, Fügen Sie den ersten Tag hinzu!
|
MARC
| LEADER | 00000nam a2200000Ia 4500 | ||
|---|---|---|---|
| 008 | 170316s9999 xx 000 0 und d | ||
| 020 | |a 978-0-87779-298-7 | ||
| 040 | |a cru BVZT | ||
| 090 | |a R-413 M-1m ING-ESP | ||
| 245 | |a Merriam-Webster`s Spanish-English Dictionary: Diccionario Español-Inglés. English-Spanish Dictionary: Diccionario Inglés-Español |c / Merriam-Webster | ||
| 260 | |a Springfield, Estados Unidos | ||
| 260 | |b Merriam-Webster | ||
| 260 | |c 2021 | ||
| 300 | |a 838 páginas | ||
| 546 | |a Español de Latinoamérica. Inglés de Estados Unidos | ||
| 650 | |a REFERENCIA |9 27 | ||
| 650 | 0 | |a REFERENCIA |9 27 | |
| 650 | 0 | |a DICCIONARIO INGLÉS-ESPAÑOL |9 96 | |
| 650 | 0 | |a DICCIONARIO ESPAÑOL-INGLÉS |9 1865 | |
| 650 | 0 | |a GRAMÁTICA INGLESA |9 97 | |
| 650 | 0 | |a VERBOS IRREGULARES EN INGLÉS |9 2242 | |
| 856 | |u http://learnersdictionary.com/ |y Learners Dictionary |z Diccionario en línea | ||
| 942 | |c REF |2 z |j REF |h R-413 M-1m ING-ESP |6 R413_M1M_INGESP | ||
| 999 | |c 31033 |d 31033 | ||



